000 00465nam a22001817a 4500
003 MPLRDC
005 20220104172512.0
008 210129b ||||| |||| 00| 0 eng d
020 _a978-1-118-29793-3
082 _a490.29 COL
100 _aMARSHA COLLIER
245 _aSOCIAL MEDIA COMMERCE FOR DUMMIES
_c
250 _a1ST ED.
260 _aU.S.A.
_bWILEY PUBLISHING, INC.
_c2013
300 _b309
650 _aINTERNET MARKETING
942 _cBK
_o490.29 COL
999 _c58977
_d58967